Statystyki dla wyspy

Kliknij tutaj aby rozwiązać quiz!

Ogólne statystyki

  • Ten quiz został rozwiązany 5 razy
  • Średni wynik to 20 z 47

Statystyki odpowiedzi

Odpowiedź% Poprawnych
fidzi
75%
islandia
75%
jamajka
75%
kiribati
75%
kuba
75%
malediwy
75%
wyspy owcze
75%
wyspy salomona
75%
antigua i barbuda
50%
bahamy
50%
barbados
50%
Brytyjskie wyspy dziewicze
50%
curacao
50%
cypr
50%
dominika
50%
dominikana
50%
grenada
50%
guam
50%
mikronezja
50%
nauru
50%
polinezja francuska
50%
portoryko
50%
saint lucia
50%
samoa
50%
sri lanka
50%
tokelau
50%
tonga
50%
trynidad i tobago
50%
tuvalu
50%
wyspy marshalla
50%
aruba
25%
Brytyjskie terytorium oceanu
indyjskiego
25%
haiti
25%
malta
25%
mariany polnocne
25%
martynika
25%
montserrat
25%
nowa kaledonia
25%
palau
25%
turks i caicos
25%
wyspy swietego tomasza
25%
kajmany
0%
martnika
0%
niue
0%
saint vincent i grenadyny
0%
wallis i futuna
0%
wyspy cooka
0%

Rozkład punktacji

Percentyl według liczby udzielonych odpowiedzi

Procent ludzi z każdym wynikiem

Twoja historia wyników

Nie rozwiązałeś tego quizu